书目信息 |
| 题名: |
宝宝生活100问100答
|
|
| 作者: | 张弛 编著 | |
| 分册: | ||
| 出版信息: | 西安 西安出版社 2000 |
|
| 页数: | 302页 | |
| 开本: | 20cm | |
| 丛书名: | ||
| 单 册: | ||
| 中图分类: | R174 | |
| 科图分类: | ||
| 主题词: | 妇幼卫生 | |
| 电子资源: | ||
| ISBN: | 7-80594-709-0 | |
| 000 | 00531nam0 2200193 450 | |
| 001 | 0738744269 | |
| 005 | 20070730143802.31 | |
| 010 | @a7-80594-709-0@dCNY15.00 | |
| 100 | @a20070729d2000 km y0chiy0120 ea | |
| 101 | 0 | @achi |
| 102 | @aCN | |
| 200 | 1 | @a宝宝生活100问100答@Abao bao sheng huo 100 wen 100 da@f张弛编著@Fzhang chi bian zhu |
| 210 | @a西安@c西安出版社@d2000 | |
| 215 | @a302页@d20cm | |
| 606 | 0 | @a妇幼卫生 |
| 690 | @aR174@v3 | |
| 701 | 0 | @a张弛@Azhang chi@4编著 |
| 801 | 0 | @aCN@bPFT@c20070730 |
| 905 | @a10447@dR174@e166 | |
| 宝宝生活100问100答/张弛编著.-西安:西安出版社,2000 |
| 302页;20cm |
| ISBN 7-80594-709-0:CNY15.00 |
| ● |
| 相关链接 |
|
|
|
|
正题名:宝宝生活100问100答
索取号:R174/166
 
预约/预借
| 序号 | 登录号 | 条形码 | 馆藏地/架位号 | 状态 | 备注 |
| 1 | 0789790 | 207897908 | 第二样本阅览室/ [索取号:R174/166] | 在馆 | |
| 2 | 0789791 | 207897917 | 第三借阅区/ [索取号:R174/166] | 在馆 | |
| 3 | 0789792 | 207897926 | 教育系资料室/ [索取号:R174/166] | 在馆 | |
| 4 | 0789793 | 207897935 | 第三借阅区/ [索取号:R174/166] | 在馆 | |
| 5 | 0789794 | 207897944 | 教育系资料室/ [索取号:R174/166] | 在馆 |